MARC

LEADER 00000nam^a2200000^a^4500
001 000307259
005 20250521000000.0
009 20260526135701.034
020 |a 978-607-7843-07-8 
037 |a Acervo ITESO - Biblioteca 
041 |a ESP 
082 |a 304. 8  |b PER V. 1 
100 |a Durand, Jorge  |e (edición) 
240 1 1 |a [Perspectivas migratorias] 
245 1 0 |a Perspectivas migratorias :  |b un análisis interdisciplinario de la migración internacional /  |c Ed. e introd. de J. Durand, J.A. Schiavon. 
264 4 |a México :  |b CIDE,  |c 2010, c2010 
300 |a 561 p. 
336 |a texto  |b txt  |2 rdacontenido 
337 |a sin mediación  |b n  |2 rdamedio 
338 |a volumen  |b nc  |2 rdasoporte 
440 1 |a (Coyuntura y Ensayo) 
649 |a XX 
650 |a Mexicanos en EUA -  |x Condiciones Políticas 
650 |a Migrantes Centroamericanos -  |z México -  |x Condiciones Jurídicas 
650 |a Remesas de Migrantes -  |z México 
650 |a Programas Sociales -  |z México 
650 |a Desarrollo Comunitario -  |z México 
650 |a Migración -  |z EUA-Latinoamérica 
650 |a Migración -  |z Europa-Latinoamérica 
650 |a Migración -  |z México-EUA 
650 |a Migración -  |z Latinoamérica 
650 |a Migración -  |z España 
650 |a Migración -  |x Aspectos Sociales y Culturales 
650 |a Migración -  |x Tema Principal 
650 |a Problemas Sociales 
650 |a Política Migratoria 
650 |a Políticas Públicas 
650 |a Relaciones Internacionales 
650 |a Derechos Humanos 
650 |a Derecho Migratorio 
650 |a Derecho Internacional 
650 |a Política Internacional 
700 |a Schiavon, Jorge A.  |e (edición) 
910 |a Fondo General 
920 |a Impresos - Libros 
930 |a Colección General 
905 |a 101 
901 |a 0500193331  |b IT1  |c ACC  |i C126108  |u 20250521 
902 |a https://opac.biblio.iteso.mx/vufind/Record/000307259